| 000 | 01104nam a22002417a 4500 | ||
|---|---|---|---|
| 003 | OSt | ||
| 005 | 20250905095856.0 | ||
| 008 | 231023b ||||| |||| 00| 0 eng d | ||
| 040 | _c0 | ||
| 082 | _aDPer 155.205 J826 January-March 2020 v. 118 n. 1-3 | ||
| 100 |
_aHuman, Lauren J. _eauthor. _949779 |
||
| 245 |
_aDo accurate personality impressions benefit early relationship development? : _bthe bidirectional associations between accuracy and liking / _cLauren J. Human, Erika N. Carlson, Katharina Geukes,Steffen Nestler, and Mitja D. Back. |
||
| 260 |
_aWashington ; _bAmerican Psychological Association , _cJanuary 2020. |
||
| 300 |
_avolume 118, pages 199-212 : _billustration ; _c28 cm. |
||
| 500 | _aJournal of Personality and Social Psychology, vol. 118, no. 1, pages 199-212, January 2020. | ||
| 650 |
_aPersonality. _949780 |
||
| 700 |
_aHuman, Lauren J. _eauthor. _949779 |
||
| 700 |
_aCarlson, Erika N. _eauthor. _949781 |
||
| 700 |
_aGeukes, Katharina. _eauthor. _949782 |
||
| 700 |
_aNestler, Steffen. _eauthor. _949783 |
||
| 700 |
_aBack, Mitja D. _eauthor. _949784 |
||
| 942 |
_2ddc _cPER |
||
| 999 |
_c18378 _d18378 |
||